| 000 | 00528nam a2200169 a 4500 | ||
|---|---|---|---|
| 001 | 000016594 | ||
| 005 | 20240229074003.0 | ||
| 008 | 100308s1994 dr 001 0 spa d | ||
| 040 |
_aDO-SdBNP _bspa _cBNPHU |
||
| 082 |
_axxx _bS127b |
||
| 100 | 1 |
_a Sáez , José Luis _d1937- _9620 |
|
| 245 | 1 | 0 |
_aBreve historia del arte de los pesebres / _cJosé Luis Sáez. |
| 260 |
_aSanto Domingo : _bAsociación Dominicana de Belenistas, _c1994. |
||
| 300 |
_a51 p. ; _c21 cm. |
||
| 500 | _aIncluye notas al pie de páginas | ||
| 049 | _aBNPD | ||
| 999 |
_c16127 _d16127 |
||